000 00638naa a2200217 i 4500
001 44099
003 ES-MaBCM
005 20241016104641.0
008 961122s1996 esp 000 0 spa d
021 _axx
035 _a(OCoLC)1365188926
040 _cES-MaBCM
041 0 _aspa
043 _aesp
100 1 _aFernández Marugán, Francisco
_915450
245 1 3 _aEl PSOE y el retorno de los viejos problemas
_cFrancisco Fernandez Marugán
650 2 4 _aPartido Socialista Obrero Español
_952737
651 2 4 _aEspaña
_9115342
773 0 _aEn:
_tSistema
_dMadrid : 1996
_w104699
_gn. 135, nov., p. 5-28. - Loc. S.56
942 _cAREV
999 _c44099
_d44099